[Event "11open de NOEL "]
[Site "Charleville 08 Ardennes"]
[Date "????.??.??"]
[Round "3.15"]
[White "Recloux, Georges"]
[Black "Pierquin, Adrien"]
[Result "0-1"]
[WhiteElo "1534"]
[BlackElo "1401"]
[PlyCount "92"]

1. e4 c6 2. d4 d5 3. exd5 cxd5 4. c4 Nf6 5. Nc3 Bf5 6. cxd5 Nxd5 7. Qb3 Nxc3 8.
bxc3 Be4 9. f3 Bc6 10. Ba3 g6 11. Bc4 e6 12. Bxf8 Rxf8 13. Ne2 Qh4+ 14. Ng3 Qf4
15. O-O h5 16. Bb5 b6 17. Rfe1 Bxb5 18. Qxb5+ Nd7 19. Rad1 Rc8 20. Qb3 h4 21.
Re4 Qh6 22. Nf1 g5 23. h3 Rg8 24. Ne3 Kf8 25. Qa3+ Ke8 26. Nf5 (26. Qxa7 Qf6
27. Qa4 Rxc3 $2 28. Nd5) 26... Qf8 27. Nd6+ Kd8 28. Nb7+ Ke8 29. Qb4 Qxb4 30.
cxb4 Ke7 31. d5 e5 32. a4 Rb8 33. a5 Rxb7 34. a6 Rbb8 35. Rc4 Rgc8 36. Rdc1
Rxc4 37. Rxc4 Kd6 38. b5 Nc5 39. Rc2 Kxd5 40. Kf2 Kd4 41. g4 Rc8 42. Ke2 Kd5
43. Ke3 Ke6 44. Ke2 Rd8 45. Rc3 Rd4 46. Ke3 Rb4 0-1

[Event "11open de NOEL "]
[Site "Charleville 08 Ardennes"]
[Date "????.??.??"]
[Round "1.2"]
[White "Serafimov, Tervel"]
[Black "Fauchart, Francois"]
[Result "1-0"]
[WhiteElo "2407"]
[BlackElo "1693"]
[PlyCount "61"]

1. Nf3 Nc6 2. d4 d5 3. c4 e6 4. Nc3 Nf6 5. Bg5 Be7 6. e3 a6 7. c5 O-O 8. Rb1 b6
9. b4 Ne4 10. Nxe4 dxe4 11. Bxe7 Qxe7 12. Nd2 e5 13. d5 Na7 14. Nxe4 Bf5 15.
Bd3 Bxe4 16. Bxe4 Rad8 17. Qc2 g6 18. O-O Nb5 19. Rbc1 bxc5 20. Qxc5 Qxc5 21.
Rxc5 Rd6 22. a4 f5 23. Bd3 Na7 24. Rxc7 Rf7 25. Rfc1 e4 26. Bf1 Rdd7 27. Rxd7
Rxd7 28. Bxa6 Kf8 29. b5 Rxd5 30. b6 Rd6 31. bxa7 1-0

[Event "11open de NOEL "]
[Site "Charleville 08 Ardennes"]
[Date "????.??.??"]
[Round "1.3"]
[White "Melin, Georges"]
[Black "Roos, Louis"]
[Result "0-1"]
[WhiteElo "1691"]
[BlackElo "2338"]
[PlyCount "50"]

1. Nf3 c5 2. b3 d6 3. Bb2 e5 4. e4 a6 5. Be2 Nc6 6. O-O Be7 7. d3 f5 8. exf5
Nh6 9. f6 Bxf6 10. Nbd2 O-O 11. Ne4 Be7 12. Nfd2 Nd4 13. Bh5 b5 14. c3 Ne6 15.
Bf3 Rb8 16. Ng3 Nf4 17. Qc2 Qc7 18. Rac1 Nf5 19. Nxf5 Bxf5 20. Ne4 d5 21. Ng3
Bxd3 22. Bxd5+ Kh8 23. Qd2 Bg5 24. Kh1 c4 25. Be4 Nh3 0-1

[Event "11open de NOEL "]
[Site "Charleville 08 Ardennes"]
[Date "????.??.??"]
[Round "1.4"]
[White "Pytel, Krzysztof"]
[Black "Louis, Andre"]
[Result "1-0"]
[WhiteElo "2311"]
[BlackElo "1682"]
[PlyCount "108"]

1. e4 e5 2. Nf3 Nc6 3. Bc4 Nf6 4. Ng5 d5 5. exd5 Na5 6. Bb5+ c6 7. dxc6 bxc6 8.
Bd3 h6 9. Ne4 Be7 10. Nxf6+ Bxf6 11. Nc3 O-O 12. b4 Nb7 13. Be4 Bd7 14. b5 Rc8
15. Ba3 Re8 16. Rb1 Na5 17. d3 Be7 18. Bxe7 Qxe7 19. Qd2 Qg5 20. Qxg5 hxg5 21.
Kd2 f5 22. bxc6 Nxc6 23. Bd5+ Be6 24. Rhe1 Bxd5 25. Nxd5 Nd4 26. c3 Nc6 27. Rb7
Kf8 28. f3 Rb8 29. Reb1 Rbd8 30. c4 Rd6 31. Rc7 Rh6 32. h3 Ree6 33. Rbb7 Rhg6
34. Rf7+ Kg8 35. Rxf5 Nd4 36. Rb8+ Kh7 37. Rff8 Rh6 38. Rh8+ Kg6 39. Rhe8 Kh5
40. Rxe6 Rxe6 41. Rb7 Ra6 42. Nc3 Ne6 43. g3 Kg6 44. Re7 Kf6 45. Nd5+ Kg6 46.
Ke3 Nc5 47. Rxe5 Rxa2 48. Nc3 Ra5 49. d4 Ra3 50. Rxc5 Rxc3+ 51. Ke4 Rc1 52.
Rc6+ Kh7 53. Ra6 Rxc4 54. Rxa7 Rc1 1-0

[Event "11open de NOEL "]
[Site "Charleville 08 Ardennes"]
[Date "????.??.??"]
[Round "1.5"]
[White "Roule, Nicolas"]
[Black "Wallart, Adrien"]
[Result "0-1"]
[WhiteElo "1628"]
[BlackElo "2278"]
[PlyCount "80"]

1. d4 Nf6 2. c4 g6 3. Nc3 d5 4. cxd5 Nxd5 5. e4 Nxc3 6. bxc3 Bg7 7. Nf3 c5 8.
Be2 Nc6 9. Be3 Bg4 10. Rb1 Qc7 11. O-O O-O 12. h3 Bxf3 13. Bxf3 Rfd8 14. Qb3
cxd4 15. Bxd4 e5 16. Be3 Na5 17. Qb5 b6 18. Be2 Qxc3 19. Rfc1 Qa3 20. Rc2 Rac8
21. Rxc8 Rxc8 22. Qd7 Ra8 23. Rc1 Qf8 24. Rc7 Rd8 25. Qe7 (25. Qb5 Ra8 26. Rd7
Bf6 27. Qa6 {et les noirs vont galérer !}) 25... Qxe7 26. Rxe7 Ra8 27. Rc7 Bf6
28. Kf1 Bd8 29. Rd7 Kg7 30. Ke1 Kf6 31. Bg4 h5 32. Be2 Ke6 33. Rd5 Rc8 34. Kd1
Be7 35. Bb5 Bd6 36. Kd2 f5 37. Kd3 fxe4+ 38. Kxe4 Nc4 39. Rd1 Na3 40. Ba4 Rc4+
0-1

[Event "11open de NOEL "]
[Site "Charleville 08 Ardennes"]
[Date "????.??.??"]
[Round "1.6"]
[White "Rouffignac, Tanguy"]
[Black "Regnier, Cedric"]
[Result "1-0"]
[WhiteElo "2265"]
[BlackElo "1596"]
[PlyCount "33"]

1. e4 c6 2. d4 d5 3. Nc3 dxe4 4. Nxe4 Bf5 5. Ng3 Bg6 6. h4 h6 7. Nf3 Qa5+ 8.
Bd2 Qc7 9. Ne5 Bh7 10. Bc4 e6 11. Qe2 Bxc2 12. O-O Nf6 13. Bf4 Bh7 14. Ng6 Qd7
15. Nxh8 Qxd4 16. Nxf7 Qxf4 17. Qxe6+ 1-0

[Event "11open de NOEL "]
[Site "Charleville 08 Ardennes"]
[Date "????.??.??"]
[Round "1.7"]
[White "Marini, Franck"]
[Black "Serafimov, Dimitar"]
[Result "1/2-1/2"]
[WhiteElo "1587"]
[BlackElo "2258"]
[PlyCount "93"]

1. d4 d5 2. c4 e6 3. Nc3 Be7 4. Nf3 Nf6 5. Bg5 O-O 6. e3 Nbd7 7. Bd3 b6 8. cxd5
exd5 9. O-O Bb7 10. Qc2 h6 11. Bh4 Re8 12. Rab1 c5 13. dxc5 bxc5 14. Rfd1 Qa5
15. Qa4 Qxa4 16. Nxa4 Rad8 17. Bb5 Ne4 18. Bxe7 Rxe7 19. Rbc1 Rc8 20. Bxd7 Rxd7
21. Ne5 Rdc7 22. Nc3 Nf6 23. Nf3 a6 24. Ne2 g5 25. h3 Rc6 26. Ng3 Kh7 27. Nf5
Re8 28. Rc3 Ne4 29. Rcd3 Rf6 30. g4 Rb6 31. b3 c4 32. bxc4 dxc4 33. Rd7 Kg6 34.
N3d4 Bc6 35. Rc7 Ba4 36. Rc1 c3 37. Ne7+ Rxe7 38. Rxe7 c2 39. Nxc2 (39. Rxe4
Rb1 40. Ne2 {1 - 0 !!!}) 39... Nf6 40. Rc7 Rb2 41. a3 Ne8 42. Rc3 Nd6 43. Nd4
Ne4 44. Rc4 Be8 45. R4c2 (45. Rb4 Rxf2 46. Nf5 {les noirs sont out !}) 45...
Rb6 46. Rc8 Nd6 47. R8c3 1/2-1/2

[Event "11open de NOEL "]
[Site "Charleville 08 Ardennes"]
[Date "????.??.??"]
[Round "1.8"]
[White "Bernard, Jacques"]
[Black "Sogny, Richard"]
[Result "1-0"]
[WhiteElo "2204"]
[BlackElo "1560"]
[PlyCount "65"]

1. e4 c5 2. Nf3 Nc6 3. d4 cxd4 4. Nxd4 Nf6 5. Nc3 a6 6. g3 e5 7. Nde2 Bc5 8.
Bg2 Qb6 9. O-O Ng4 10. Qe1 Nb4 11. Nd5 Nxd5 12. exd5 O-O 13. Nc3 Qc7 14. Ne4
Ba7 15. h3 Nf6 16. d6 Qxc2 17. Nxf6+ gxf6 18. Be4 Qc4 19. Bh6 Re8 20. Qb1 Qe6
21. Bxh7+ Kh8 22. Bf5 Qxd6 23. Qe4 Qd4 24. Qf3 Rg8 25. Qh5 Rxg3+ 26. Kh2 Rg7
27. Be3+ Kg8 28. Bxd4 Bxd4 29. Rg1 Bxf2 30. Rxg7+ Kxg7 31. Qh7+ Kf8 32. Qh8+
Ke7 33. Rc1 1-0

[Event "11open de NOEL "]
[Site "Charleville 08 Ardennes"]
[Date "????.??.??"]
[Round "1.9"]
[White "Recloux, Georges"]
[Black "Schweitzer, Viktoriya"]
[Result "0-1"]
[WhiteElo "1534"]
[BlackElo "2139"]
[PlyCount "44"]

1. e4 c5 2. Nf3 Nc6 3. d4 cxd4 4. Nxd4 e5 5. Nb5 d6 6. N5a3 Nf6 7. Nc3 Be7 8.
Nc4 O-O 9. Bg5 Nd4 10. Be3 b5 11. Bxd4 exd4 12. Qxd4 bxc4 13. Qxc4 Be6 14. Qd3
Qb6 15. b3 Rfd8 16. h3 Rac8 17. Nd5 Nxd5 18. exd5 Qa5+ 19. Kd1 Qxd5 20. f4 Bf6
21. Rb1 Qa5 22. a4 Bf5 0-1

[Event "11open de NOEL "]
[Site "Charleville 08 Ardennes"]
[Date "????.??.??"]
[Round "1.10"]
[White "Halfaoui, Eddine"]
[Black "Mondeel, Paul"]
[Result "1-0"]
[WhiteElo "1935"]
[BlackElo "1531"]
[PlyCount "115"]

1. d4 d5 2. Nf3 e6 3. Bf4 Nf6 4. e3 Be7 5. Bd3 b6 6. Nbd2 O-O 7. h3 Ba6 8. Qe2
Bxd3 9. Qxd3 Nbd7 10. O-O c5 11. c3 c4 12. Qc2 b5 13. e4 dxe4 14. Nxe4 Nxe4 15.
Qxe4 Nf6 16. Qe2 Qd5 17. Ne5 Rfc8 18. Rac1 a5 19. Bg5 h6 20. Bh4 Bd8 21. Rfe1
Nd7 22. Bg3 Nxe5 23. Bxe5 Bc7 24. Qg4 Bxe5 25. Rxe5 Qd8 26. f4 Qd7 27. Rce1 b4
28. R1e3 bxc3 29. bxc3 Ra6 30. d5 Rd8 31. Qh5 Rf8 32. Kh2 exd5 33. Rxd5 Qc6 34.
Rxa5 Rb6 35. Rg3 Qf6 36. Qg4 Qg6 37. Qf3 Qc6 38. Qg4 Qg6 39. Qe2 Qf6 40. Qxc4
Rc6 41. Qd4 Qxd4 42. cxd4 Rd8 43. d5 Rcd6 44. Rd3 Kf8 45. Kg3 f5 46. Kf3 Kf7
47. g3 Kf6 48. Ke3 g5 49. Kd4 Rc6 50. Re3 Rcd6 51. Re5 h5 52. Ra7 R6d7 53. Rxd7
Rxd7 54. Re6+ Kg7 55. fxg5 Ra7 56. Ke5 Rxa2 57. Kxf5 Ra5 58. Ke5 1-0

[Event "11open de NOEL "]
[Site "Charleville 08 Ardennes"]
[Date "????.??.??"]
[Round "1.11"]
[White "Louis, Vincent"]
[Black "Pytel, Bozena"]
[Result "0-1"]
[WhiteElo "1479"]
[BlackElo "1929"]
[PlyCount "54"]

1. e4 e5 2. Nf3 Nc6 3. Nc3 Nf6 4. d3 d6 5. Bg5 h6 6. Be3 Be7 7. h3 d5 8. Nxd5
Nxd5 9. exd5 Qxd5 10. Be2 O-O 11. O-O f5 12. c4 Qe6 13. a3 Qg6 14. Kh1 Bf6 15.
Rb1 f4 16. Bd2 Bf5 17. Qb3 Rab8 18. Rbd1 Kh8 19. Kh2 Rfd8 20. Bc1 Nd4 21. Nxd4
Rxd4 22. g4 fxg3+ 23. fxg3 b6 24. Be3 Rd7 25. Rd2 Rbd8 26. Rfd1 Bg5 27. Bxg5
Qxg5 0-1

[Event "11open de NOEL "]
[Site "Charleville 08 Ardennes"]
[Date "????.??.??"]
[Round "1.12"]
[White "Schweitzer, Marc"]
[Black "Hurreau, Jean Francois"]
[Result "1-0"]
[WhiteElo "1880"]
[BlackElo "1437"]
[PlyCount "49"]

1. d4 d5 2. c4 c6 3. Nc3 Nf6 4. Nf3 e6 5. Bg5 Nbd7 6. e3 Bb4 7. Nd2 Qc7 8. Rc1
h6 9. Bh4 O-O 10. a3 Be7 11. Bd3 Re8 12. Bg3 e5 13. dxe5 Nxe5 14. Be2 Bd6 15.
cxd5 Neg4 16. Bxd6 Qxd6 17. Nc4 Qd7 18. h3 Nxf2 19. Kxf2 Ne4+ 20. Nxe4 Rxe4 21.
Bf3 Rh4 22. dxc6 bxc6 23. Qxd7 Bxd7 24. Ne5 Rd8 25. Rcd1 1-0

[Event "11open de NOEL "]
[Site "Charleville 08 Ardennes"]
[Date "????.??.??"]
[Round "1.13"]
[White "Pierquin, Adrien"]
[Black "Le Deuff, Frederic"]
[Result "0-1"]
[WhiteElo "1401"]
[BlackElo "1760"]
[PlyCount "60"]

1. c4 Nf6 2. d4 e5 3. dxe5 Ne4 4. e3 Nc6 5. Nf3 Bb4+ 6. Bd2 Qe7 7. Qc2 Nc5 8.
Be2 O-O 9. O-O Bxd2 10. Nbxd2 f6 11. exf6 Qxf6 12. b3 Nb4 13. Qb1 d6 14. Ne4
Nxe4 15. Qxe4 Rb8 16. c5 dxc5 17. Qc4+ Kh8 18. Qxc5 Nc6 19. Bc4 b6 20. Qg5 Be6
21. Qxf6 Rxf6 22. Bxe6 Rxe6 23. Rac1 h6 24. Nd4 Nxd4 25. exd4 Rc8 26. Rfd1 Rd6
27. h3 Rd7 28. g4 Rcd8 29. Kg2 c5 30. dxc5 Rxd1 0-1

[Event "11open de NOEL "]
[Site "Charleville 08 Ardennes"]
[Date "????.??.??"]
[Round "1.14"]
[White "Gerardin, David"]
[Black "Calaresu, Tony"]
[Result "1-0"]
[WhiteElo "1758"]
[BlackElo "1400"]
[PlyCount "57"]

1. e4 e5 2. Nf3 Nc6 3. Bb5 a6 4. Bxc6 dxc6 5. d4 exd4 6. Qxd4 Qxd4 7. Nxd4 Bc5
8. Nb3 Bd6 9. O-O Nf6 10. e5 Bxe5 11. Re1 Nd7 12. f4 f6 13. fxe5 Nxe5 14. Bf4
O-O 15. Bxe5 fxe5 16. Rxe5 Bf5 17. c3 Bd3 18. N1d2 Rf7 19. Re3 Bg6 20. Rae1 Rf4
21. Rf3 Rg4 22. Nc5 b6 23. Nd7 Rd8 24. Ref1 h6 25. Rf8+ Rxf8 26. Rxf8+ Kh7 27.
Ne5 Ra4 28. Nxg6 Kxg6 29. a3 1-0

[Event "11open de NOEL "]
[Site "Charleville 08 Ardennes"]
[Date "????.??.??"]
[Round "1.15"]
[White "Pierquin, Jean-Bernard"]
[Black "Prioux, Michel"]
[Result "0-1"]
[WhiteElo "1399"]
[BlackElo "1730"]
[PlyCount "66"]

1. d4 Nf6 2. Bf4 e6 3. Nf3 c5 4. Nc3 d5 5. g3 Nc6 6. Bg2 Be7 7. Nb5 O-O 8. Nc7
Nh5 9. Nxa8 Nxf4 10. gxf4 Bd7 11. Ne5 Nxd4 12. e4 Bc6 13. c3 Nb5 14. a4 Nd6 15.
exd5 Bxd5 16. Bxd5 exd5 17. Qxd5 Qxa8 18. Nd7 Re8 19. O-O-O Qc8 20. Ne5 Qf5 21.
Qf3 Ne4 22. h4 Bd6 23. Nd3 c4 24. Rhe1 cxd3 25. Rxd3 Bxf4+ 26. Kc2 g6 27. Red1
Nc5 28. Kb1 Nxd3 29. Rxd3 Rd8 30. Kc2 Rxd3 31. Qxd3 Qxd3+ 32. Kxd3 Kf8 33. b4
Ke7 0-1

[Event "11open de NOEL "]
[Site "Charleville 08 Ardennes"]
[Date "????.??.??"]
[Round "2.1"]
[White "Dgebuadze, Alexandre"]
[Black "Halfaoui, Eddine"]
[Result "1-0"]
[WhiteElo "2474"]
[BlackElo "1935"]
[PlyCount "104"]

1. c4 c5 2. Nf3 Nc6 3. e3 d6 4. d4 Bg4 5. Be2 Nf6 6. Nc3 g6 7. d5 Bxf3 8. Bxf3
Ne5 9. Be2 Bg7 10. O-O O-O 11. e4 h6 12. f4 Ned7 13. Be3 Rc8 14. Qd2 Kh7 15.
Kh1 h5 16. Rae1 Re8 17. Bd3 Ng4 18. Bg1 Qa5 19. h3 Nh6 20. Qc2 Qd8 21. Bh2 Qc7
22. Nb5 Qb8 23. e5 dxe5 24. f5 Nf8 25. fxg6+ fxg6 26. Re3 a6 27. Bxg6+ Nxg6 28.
Rg3 Rg8 29. Qxg6+ Kh8 30. Nc3 Rcf8 31. Rxf8 Qxf8 32. Rf3 Qe8 33. Qe4 Qb8 34.
Qe3 Qd6 35. Ne4 Qg6 36. Qd3 Nf5 37. Nxc5 Bf6 38. g3 Nd6 39. Qxg6 Rxg6 40. b3 e4
41. Rf1 b5 42. Re1 e3 43. Rxe3 Bd4 44. Re6 Rg5 45. Ne4 Rf5 46. g4 hxg4 47. hxg4
Rf1+ 48. Kg2 Ra1 49. Rxe7 Rxa2+ 50. Kh3 Nxe4 51. Rxe4 Bb6 52. Re6 Bc5 1-0

[Event "11open de NOEL "]
[Site "Charleville 08 Ardennes"]
[Date "????.??.??"]
[Round "2.2"]
[White "Schweitzer, Viktoriya"]
[Black "Serafimov, Tervel"]
[Result "0-1"]
[WhiteElo "2139"]
[BlackElo "2407"]
[PlyCount "86"]

1. e4 c6 2. d4 d5 3. exd5 cxd5 4. Bd3 Nc6 5. c3 Nf6 6. Bf4 g6 7. h3 Bf5 8. Ne2
Qb6 9. Bxf5 gxf5 10. Qb3 e6 11. Qxb6 axb6 12. Nd2 b5 13. O-O b4 14. c4 dxc4 15.
Nxc4 Nd5 16. Rfd1 Be7 17. Be5 Rg8 18. Bh2 Na5 19. Ne5 Bg5 20. Nd3 Ke7 21. Nef4
Bxf4 22. Bxf4 Rgc8 23. Bg5+ f6 24. Bd2 Rc4 25. Rac1 Rxc1 26. Rxc1 Nc6 27. Ra1
b3 28. a3 Nxd4 29. Kf1 Rc8 30. Rc1 Rc2 31. Ke1 e5 32. Kd1 e4 33. Nb4 Nxb4 34.
Bxb4+ Ke6 35. Rxc2 bxc2+ 36. Kc1 Ne2+ 37. Kxc2 Nf4 38. Bd2 Nxg2 39. a4 f4 40.
Bc3 f3 41. Kd2 f5 42. b3 e3+ 43. fxe3 f2 0-1

[Event "11open de NOEL "]
[Site "Charleville 08 Ardennes"]
[Date "????.??.??"]
[Round "2.3"]
[White "Roos, Louis"]
[Black "Schweitzer, Marc"]
[Result "1-0"]
[WhiteElo "2338"]
[BlackElo "1880"]
[PlyCount "109"]

1. Nf3 d5 2. e3 Nf6 3. b3 g6 4. Bb2 Bg7 5. c4 c6 6. Be2 O-O 7. O-O Bg4 8. Nc3
e6 9. Qc2 Nbd7 10. Rac1 Re8 11. h3 Bxf3 12. Bxf3 Rc8 13. Qb1 h5 14. Ne2 Nf8 15.
d4 N8h7 16. Nf4 Ng5 17. Be2 Nge4 18. Rfe1 h4 19. Bd3 g5 20. Ne2 Nd6 21. c5 Nb5
22. b4 a6 23. a4 Nc7 24. Bc3 g4 25. Nf4 gxh3 26. Nxh3 Qd7 27. Qc2 Ra8 28. Rb1
Reb8 29. Rec1 Ng4 30. Qe2 f5 31. f3 Nh6 32. Be1 Bf6 33. b5 axb5 34. axb5 cxb5
35. Bxb5 Nxb5 36. Qxb5 Qc7 37. Qb6 Qc6 38. Nf4 Kf7 39. Nd3 Kg6 40. Qb2 Nf7 41.
Qe2 Bd8 42. Rb2 Qc8 43. e4 Bg5 44. exf5+ Kxf5 45. f4 Bd8 46. Qh5+ Kf6 47. Bxh4+
Kg7 48. Ne5 Nxe5 49. Qxe5+ Kf7 50. Qh5+ Kg7 51. Rb3 Bxh4 52. Qxh4 Kf7 53. Rf1
Ra7 54. Qh7+ Kf6 55. g4 1-0

[Event "11open de NOEL "]
[Site "Charleville 08 Ardennes"]
[Date "????.??.??"]
[Round "2.4"]
[White "Pytel, Bozena"]
[Black "Pytel, Krzysztof"]
[Result "0-1"]
[WhiteElo "1929"]
[BlackElo "2311"]
[PlyCount "40"]

1. Nf3 b5 2. e4 Bb7 3. d4 Bxe4 4. Bxb5 Nf6 5. c4 e6 6. Nc3 Bb4 7. O-O Bxc3 8.
bxc3 O-O 9. Re1 h6 10. Bf4 a6 11. Ba4 Bc6 12. d5 exd5 13. cxd5 Bxd5 14. Bb3
Bxb3 15. axb3 Nc6 16. Qd3 Qb8 17. h3 Qxb3 18. Rxa6 Nb4 19. Qb5 Rxa6 20. cxb4
Rb6 0-1

[Event "11open de NOEL "]
[Site "Charleville 08 Ardennes"]
[Date "????.??.??"]
[Round "2.5"]
[White "Wallart, Adrien"]
[Black "Gerardin, David"]
[Result "1-0"]
[WhiteElo "2278"]
[BlackElo "1758"]
[PlyCount "99"]

1. Nf3 Nf6 2. c4 d5 3. d4 e6 4. g3 Be7 5. Bg2 O-O 6. O-O Nbd7 7. Qc2 dxc4 8.
Qxc4 Nb6 9. Qc2 c6 10. Nbd2 Qc7 11. Nb3 Nbd5 12. a3 Bd7 13. e4 Nb6 14. Bf4 Qc8
15. Rac1 Rd8 16. Nc5 Be8 17. Qe2 Nbd7 18. Nd3 Nf8 19. b4 Ng6 20. Bd2 b6 21. Bc3
Qb7 22. Nfe5 Nxe5 23. Nxe5 Rac8 24. Rfd1 Bd6 25. Nc4 Be7 26. f4 Qa6 27. Qa2 c5
28. bxc5 bxc5 29. d5 exd5 30. exd5 Bb5 31. Na5 Bd6 32. a4 Bd3 33. Nc6 Re8 34.
Ne5 Bb5 35. Ra1 Bd7 36. Bf1 Qb7 37. Rab1 Qc7 38. Nc4 Bf5 39. Rbc1 Ne4 40. Ba5
Qe7 41. Re1 Qf6 42. Qg2 Qd4+ 43. Ne3 Bd7 {
ce coup perd directement dommage pour les noirs qui avait trés bien tenu} (
43... c4 {et les noirs sont mieux}) 44. Rc4 Qf6 45. Rxe4 Rxe4 46. Qxe4 Re8 47.
Qc4 Bf5 48. Bc3 Qg6 49. Nxf5 Qxf5 50. Rxe8+ 1-0

[Event "11open de NOEL "]
[Site "Charleville 08 Ardennes"]
[Date "????.??.??"]
[Round "2.6"]
[White "Le Deuff, Frederic"]
[Black "Rouffignac, Tanguy"]
[Result "0-1"]
[WhiteElo "1760"]
[BlackElo "2265"]
[PlyCount "54"]

1. e4 e5 2. Nc3 Nf6 3. Bc4 Nxe4 4. Qh5 Nd6 5. Bb3 Be7 6. Nf3 Nc6 7. d3 O-O 8.
O-O g6 9. Qh3 Nf5 10. g4 Nfd4 11. Nxd4 Nxd4 12. f4 Nxb3 13. axb3 exf4 14. Bxf4
Bc5+ 15. Kh1 b6 16. Qf3 d5 17. Bh6 Be6 18. Bxf8 Bxf8 19. d4 c5 20. Ne2 Qh4 21.
Rg1 Bd6 22. h3 h5 23. gxh5 Bxh3 24. Rg3 Bg4+ 25. Kg2 Bxf3+ 26. Rxf3 Qh2+ 27.
Kf1 Qh1+ 0-1

[Event "11open de NOEL "]
[Site "Charleville 08 Ardennes"]
[Date "????.??.??"]
[Round "2.7"]
[White "Rubert, Mireille"]
[Black "Bernard, Jacques"]
[Result "0-1"]
[WhiteElo "1180"]
[BlackElo "2204"]
[PlyCount "50"]

1. d4 f5 2. Nf3 Nf6 3. Nc3 d5 4. e3 e6 5. Ne5 c5 6. Bb5+ Bd7 7. h3 Bd6 8. O-O
O-O 9. b3 Nc6 10. Bxc6 Bxc6 11. f3 Rc8 12. Bb2 Qc7 13. f4 Be8 14. Qd2 cxd4 15.
exd4 Bb4 16. Qf2 Bxc3 17. Bxc3 Qxc3 18. Nf3 Ne4 19. Qe1 Qxe1 20. Rfxe1 Rxc2 21.
Kh2 Rf7 22. a4 Rfc7 23. h4 R7c3 24. Ng5 Bd7 25. Nf3 Rxf3 0-1

[Event "11open de NOEL "]
[Site "Charleville 08 Ardennes"]
[Date "????.??.??"]
[Round "2.8"]
[White "Prioux, Michel"]
[Black "Marini, Franck"]
[Result "1-0"]
[WhiteElo "1730"]
[BlackElo "1587"]
[PlyCount "110"]

1. c4 e5 2. g3 Nf6 3. Bg2 d5 4. cxd5 Nxd5 5. Nf3 Nc6 6. O-O Nb6 7. Nc3 Be6 8.
a3 a5 9. d3 Be7 10. Be3 O-O 11. Rc1 Nd5 12. Bd2 Nxc3 13. Bxc3 f6 14. Nd2 Bd5
15. Bxd5+ Qxd5 16. Qb3 Qxb3 17. Nxb3 Rfd8 18. Nd2 b6 19. Nf3 Rac8 20. Bd2 Nd4
21. Nxd4 exd4 22. Rc6 Rd6 23. Rfc1 Rxc6 24. Rxc6 Bd6 25. Kg2 Kf7 26. Kf3 Ke7
27. Rc1 c5 28. a4 Ke6 29. h3 Re8 30. g4 Kd5 31. e4+ dxe3 32. fxe3 Be5 33. b3
Ke6 34. Rc4 Rd8 35. Ke2 Kf7 36. Be1 Kg6 37. Bf2 Re8 38. Kf3 Rb8 39. d4 cxd4 (
39... Bd6 {Franck ce n'est pas à toi de faire le jeu reste sur ta position et
tu tient la nulle} 40. Bg3 Bxg3 41. Kxg3 cxd4 42. exd4 b5 43. Rc5 bxa4 44. bxa4
Rb3+ 45. Kg2 Rb4 $11) 40. exd4 Bd6 41. Rc6 Bb4 42. d5 b5 43. axb5 Rxb5 44. d6
Rd5 45. Bb6 Rxd6 (45... Bxd6 {
pour conserver une chance de gain ou d'annuler garde la tour} 46. Ke4 Re5+ 47.
Kd3 {et maintenant c'est toi qui joue le gain !} Bb4) 46. Rxd6 Bxd6 47. Bxa5
Kf7 (47... h5 {tout de suite éliminer les risques} 48. Ke4 hxg4 49. hxg4 Kg5
50. Kf3 {suivi de f5 si tu veux assurer la nulle} f5 51. Bd2+ Kg6 52. Bc3 fxg4+
53. Kxg4) 48. b4 Ke7 49. Ke4 Kd7 50. Kd5 Be5 51. b5 Bb8 52. Bb4 g6 53. Bc3 f5
54. gxf5 gxf5 55. Bd4 Ke7 1-0

[Event "11open de NOEL "]
[Site "Charleville 08 Ardennes"]
[Date "????.??.??"]
[Round "2.9"]
[White "Serafimov, Dimitar"]
[Black "Flamant, Jacky"]
[Result "1-0"]
[WhiteElo "2258"]
[BlackElo "1702"]
[PlyCount "63"]

1. c4 Nf6 2. g3 c6 3. Nf3 d5 4. b3 Bg4 5. Bg2 Nbd7 6. d4 e6 7. O-O dxc4 8. bxc4
Nb6 9. Ne5 Bf5 10. Bb2 Bd6 11. Nd2 Bxe5 12. dxe5 Nfd7 13. Rc1 Qe7 14. c5 Nc8
15. Nc4 O-O 16. Nd6 Nxd6 17. exd6 Qd8 18. Qd4 e5 19. Qc3 Re8 20. f4 f6 21. fxe5
Rxe5 22. Qb4 a5 23. Qd2 Be6 24. Bxe5 Nxe5 25. Rf4 Qd7 26. Ra4 Qd8 27. Rb1 Nc4
28. Qc3 b5 29. cxb6 Nxb6 30. Rxa5 Rxa5 31. Qxa5 Nc4 32. Qxd8+ 1-0

[Event "11open de NOEL "]
[Site "Charleville 08 Ardennes"]
[Date "????.??.??"]
[Round "2.10"]
[White "Fauchart, Francois"]
[Black "Recloux, Georges"]
[Result "1-0"]
[WhiteElo "1693"]
[BlackElo "1534"]
[PlyCount "67"]

1. d4 Nf6 2. Nf3 g6 3. Bf4 Bg7 4. Nbd2 d5 5. e3 Nh5 6. Bg5 Nf6 7. h3 Nc6 8. c3
O-O 9. Be2 Re8 10. Bf4 a6 11. O-O b5 12. Re1 Nd7 13. Qb3 Nb6 14. e4 e6 15. Bd3
Ra7 16. e5 Bf8 17. h4 Nc4 18. Qc2 f5 19. h5 Be7 20. hxg6 hxg6 21. Bh2 Bg5 22.
Nxg5 Qxg5 23. Nf3 Qh6 24. b3 Nb6 25. Qd2 Qxd2 26. Nxd2 Kg7 27. Bf4 Ne7 28. Bg5
Nd7 29. g3 c5 30. Kg2 c4 31. Bc2 Nc6 32. b4 Rh8 33. Rh1 Nb6 34. Bf6+ 1-0

[Event "11open de NOEL "]
[Site "Charleville 08 Ardennes"]
[Date "????.??.??"]
[Round "2.11"]
[White "Mondeel, Paul"]
[Black "Melin, Georges"]
[Result "1-0"]
[WhiteElo "1531"]
[BlackElo "1691"]
[PlyCount "145"]

1. Nf3 Nf6 2. c4 g6 3. g3 Bg7 4. Bg2 O-O 5. O-O c6 6. d4 d5 7. cxd5 cxd5 8. Nc3
Nc6 9. a3 a5 10. e3 Bf5 11. Nh4 Be6 12. Bd2 Qd7 13. Re1 g5 14. Nf3 Bg4 15. Qc1
h6 16. Ne5 Nxe5 17. dxe5 Ne4 18. Nxe4 dxe4 19. Bc3 Bf3 20. h3 Rac8 21. Qb1 Bxg2
22. Kxg2 Qf5 23. Qd1 Bxe5 24. Rc1 Bxc3 25. bxc3 Rfd8 26. Qg4 Qxg4 27. hxg4 Rd3
28. Rb1 Rb8 29. Rb3 Kg7 30. Reb1 b6 31. Kf1 a4 32. Rb4 b5 33. Rxa4 bxa4 34.
Rxb8 e6 35. Rb4 f5 36. gxf5 exf5 37. Rxa4 Rxc3 38. Ra6 h5 39. Kg2 h4 40. gxh4
gxh4 41. Kh3 Rc2 42. Kxh4 Rxf2 43. Kg5 Kf7 44. Rf6+ Ke7 45. Rxf5 Rf3 46. Re5+
Kd6 47. Rxe4 Kd5 48. Re8 Kc5 49. Kg4 Rf1 50. Re4 Kd5 51. Rf4 Ra1 52. a4 Ke5 53.
a5 Rg1+ 54. Kf3 Ra1 55. Rh4 Rf1+ 56. Ke2 Rf6 57. Kd3 Rf1 58. a6 Ra1 59. Rh6
Rd1+ 60. Kc2 Ra1 61. Kb2 Ra4 62. Kb3 Ra1 63. Kb4 Kd5 64. Rh5+ Ke4 65. Ra5 Rb1+
66. Kc3 Rb8 67. a7 Ra8 68. Kc4 Kxe3 69. Kb5 Kd4 70. Kb6 Ke4 71. Kb7 Rh8 72.
a8=Q Rxa8 73. Rxa8 1-0

[Event "11open de NOEL "]
[Site "Charleville 08 Ardennes"]
[Date "????.??.??"]
[Round "2.12"]
[White "Louis, Andre"]
[Black "Louis, Vincent"]
[Result "1-0"]
[WhiteElo "1682"]
[BlackElo "1479"]
[PlyCount "111"]

1. e4 e5 2. Nf3 Nc6 3. Bb5 Nf6 4. O-O d6 5. d4 exd4 6. Nxd4 Bd7 7. c3 Be7 8.
Re1 Nxd4 9. Bxd7+ Qxd7 10. cxd4 O-O 11. Nc3 h6 12. h3 c6 13. Be3 b5 14. a3 a6
15. f4 Rad8 16. Qe2 Kh8 17. Rad1 Ng8 18. Bf2 Rfe8 19. Qf3 Rc8 20. g4 g5 21. e5
d5 22. f5 f6 23. e6 Qc7 24. Rc1 Bd6 25. Nxd5 Qb7 26. Nb4 Bxb4 27. axb4 Ne7 28.
Bg3 Red8 29. h4 Nd5 30. hxg5 hxg5 31. Kg2 Kg7 32. Re2 Qe7 33. Qb3 Nxb4 34. Bf2
Nd5 35. Rec2 Nb4 36. Rc5 a5 37. Qa3 Rd6 38. Rxb5 cxb5 39. Rxc8 Qb7+ 40. Kg3
Qxc8 41. Qxa5 Nc6 (41... Qb8 {pour le piège} 42. Qxb4 Rxd4+ {
et gagne la dame sur découverte}) 42. Qxb5 Qb8 43. Qxb8 Nxb8 44. Kf3 Nc6 45.
Ke4 Kf8 (45... Nb4 46. Be1 Rb6 47. Bf2 Rb5 48. Bg3 Nc2 49. d5 Rb4+ 50. Kf3 Nd4+
51. Kf2 Rxb2+ {tranquille les noirs gagnaient !} 52. Kf1 Kf8 53. d6 Nc6 {
le cavalier se sacrifiera} 54. d7 Ke7) 46. d5 Ne7 47. Bc5 Ra6 48. b4 Ra1 49. d6
Re1+ 50. Kf3 Rf1+ 51. Ke2 Ra1 52. d7 Ra2+ 53. Kd3 Ra8 54. Kc4 Rb8 55. b5 Kg7
56. Bxe7 1-0